[Event "Quebec op U2000"]
[Site "Longueuil"]
[Date "2018.07.26"]
[Round "7.32"]
[White "Duplessis, Claude"]
[Black "Lalumiere, Claude"]
[Result "0-1"]
[WhiteElo "1712"]
[BlackElo "1923"]
[PlyCount "34"]
[EventDate "2018.07.21"]
[EventType "swiss"]
[EventRounds "9"]
[EventCountry "CAN"]
[SourceTitle "EXT 2022"]
[Source "ChessBase"]
[SourceDate "2021.10.06"]
[SourceVersion "1"]
[SourceVersionDate "2021.10.06"]
[SourceQuality "1"]

1. e4 c5 2. Nc3 d6 3. f4 Nc6 4. Nf3 g6 5. Bc4 Bg7 6. 0-0 e6 7. f5 exf5 8. d3 Nge7 9. Bg5 h6 10. Bh4 g5 11. Bxg5 hxg5 12. Nxg5 Bd4+ 13. Kh1 Ne5 14. Nd5 Nxd5 15. Bxd5 Qxg5 16. exf5 Rxh2+ 17. Kxh2 Qh4# 0-1

[Event "Quebec op U2000"]
[Site "Longueuil"]
[Date "2018.07.24"]
[Round "5.32"]
[White "Parenteau, Francois"]
[Black "Lalumiere, Claude"]
[Result "1-0"]
[WhiteElo "1884"]
[BlackElo "1923"]
[PlyCount "97"]
[EventDate "2018.07.21"]
[EventType "swiss"]
[EventRounds "9"]
[EventCountry "CAN"]
[SourceTitle "EXT 2022"]
[Source "ChessBase"]
[SourceDate "2021.10.06"]
[SourceVersion "1"]
[SourceVersionDate "2021.10.06"]
[SourceQuality "1"]

1. d4 Nf6 2. Nf3 e6 3. e3 c5 4. Bd3 d5 5. b3 Bd6 6. 0-0 Nbd7 7. Bb2 0-0 8. Nbd2 Re8 9. Ne5 cxd4 10. exd4 Nf8 11. f4 N6d7 12. Qh5 g6 13. Qh6 Qf6 14. c4 Qg7 15. Qxg7+ Kxg7 16. c5 Be7 17. b4 h5 18. a4 Bd8 19. Bc3 Bc7 20. Bc2 f6 21. Nd3 Nh7 22. Rae1 Kf7 23. b5 Nb8 24. Re3 Nf8 25. Nb3 Bd8 26. Rfe1 Bd7 27. Nb4 a6 28. Bd3 axb5 29. axb5 Ra3 30. Rb1 Bc7 31. g3 Nh7 32. Bd2 f5 33. Ree1 Nf6 34. Nc2 Ra4 35. Ra1 Rxa1 36. Rxa1 Bd8 37. Ra7 Bc8 38. Ra8 Nfd7 39. Ba5 b6 40. c6 Bb7 41. cxd7 Nxd7 42. Ra7 Bc8 43. Bb4 Bf6 44. Bd6 h4 45. Nb4 hxg3 46. hxg3 g5 47. Nc6 Kg6 48. Rc7 Nf8 49. Bxf8 1-0

[Event "Quebec op U2000"]
[Site "Longueuil"]
[Date "2018.07.23"]
[Round "4.28"]
[White "Lalumiere, Claude"]
[Black "Steinberg, Ellis"]
[Result "0-1"]
[WhiteElo "1923"]
[BlackElo "1801"]
[PlyCount "134"]
[EventDate "2018.07.21"]
[EventType "swiss"]
[EventRounds "9"]
[EventCountry "CAN"]
[SourceTitle "EXT 2022"]
[Source "ChessBase"]
[SourceDate "2021.10.06"]
[SourceVersion "1"]
[SourceVersionDate "2021.10.06"]
[SourceQuality "1"]

1. e4 g6 2. d4 d6 3. Nc3 c6 4. Bc4 Bg7 5. Bb3 Nf6 6. f3 0-0 7. Be3 b5 8. Qd2 a5 9. a4 b4 10. Nce2 Nbd7 11. Ng3 Ba6 12. Bh6 c5 13. c3 bxc3 14. bxc3 Rb8 15. Bxg7 Kxg7 16. Ba2 cxd4 17. cxd4 Rb4 18. N1e2 Qb6 19. Qg5 Rb2 20. h4 Qb4+ 21. Kf1 Bxe2+ 22. Nxe2 h6 23. Qc1 Rb8 24. Rh3 Qd2 25. Qxd2 Rxd2 26. Bc4 Rbb2 27. Bb5 Nf8 28. Rg3 Ne6 29. d5 Nc5 30. Nf4 Kh7 31. Ke1 Nfd7 32. Kf1 Ne5 33. Kg1 Nb3 34. Ra3 Rd1+ 35. Kh2 Rbb1 36. Rh3 Nc5 37. Ne2 Re1 38. Nd4 Rbd1 39. Nc2 Rg1 40. Ne3 Rc1 41. Kg3 Ra1 42. Rc3 Rgc1 43. Rxc1 Rxc1 44. h5 Ra1 45. f4 Ned3 46. Kf3 Ne1+ 47. Ke2 Nxe4 48. hxg6+ fxg6 49. Nc4 Nc5 50. Re3 Kg7 51. Rxe7+ Kf6 52. Rc7 Nxg2 53. Kf3 Ne1+ 54. Ke2 Ne4 55. Be8 Kf5 56. Rf7+ Kg4 57. Ne3+ Kg3 58. Nf1+ Kg2 59. Ne3+ Kg3 60. Rc7 Kxf4 61. Bxg6 Ng3+ 62. Kf2 Nh1+ 63. Ke2 Ng3+ 64. Kf2 Ra2+ 65. Kxe1 Kxe3 66. Rc3+ Kf4 67. Be8 Re2+ 0-1

[Event "Montreal Juste pour jouer"]
[Site "Montreal"]
[Date "2012.10.08"]
[Round "7.17"]
[White "Lacroix, Serge"]
[Black "Lalumiere, Claude"]
[Result "1/2-1/2"]
[WhiteElo "1784"]
[BlackElo "1788"]
[PlyCount "37"]
[EventDate "2012.10.05"]
[EventType "swiss"]
[EventRounds "7"]
[EventCountry "CAN"]
[SourceTitle "EXT 2022"]
[Source "ChessBase"]
[SourceDate "2021.10.06"]
[SourceVersion "1"]
[SourceVersionDate "2021.10.06"]
[SourceQuality "1"]

1. e4 c5 2. Nf3 Nc6 3. d4 cxd4 4. Nxd4 Nf6 5. Nc3 g6 6. Bc4 Bg7 7. Be3 Qa5 8. Nxc6 dxc6 9. f3 Nxe4 10. Bxf7+ Kxf7 11. fxe4 Bxc3+ 12. bxc3 Qxc3+ 13. Bd2 Qd4 14. Qf3+ Qf6 15. 0-0 Qxf3 16. Rxf3+ Ke8 17. Raf1 Be6 18. Bc3 Rg8 19. a4 1/2-1/2

[Event "Quebec op U2000"]
[Site "Montreal"]
[Date "2012.07.26"]
[Round "7"]
[White "Alcantara, Maximo Jr"]
[Black "Lalumiere, Claude"]
[Result "1/2-1/2"]
[WhiteElo "1757"]
[BlackElo "1825"]
[PlyCount "135"]
[EventDate "2012.07.21"]
[EventType "swiss"]
[EventRounds "9"]
[EventCountry "CAN"]
[SourceTitle "EXT 2022"]
[Source "ChessBase"]
[SourceDate "2021.10.06"]
[SourceVersion "1"]
[SourceVersionDate "2021.10.06"]
[SourceQuality "1"]

1. e4 c5 2. Nf3 d6 3. d4 cxd4 4. Nxd4 Nf6 5. Nd2 a6 6. Bc4 b5 7. Bb3 Bb7 8. 0-0 Nbd7 9. Re1 Qb6 10. Nf5 g6 11. Ng3 Bg7 12. c3 h5 13. Nf3 Ng4 14. Re2 h4 15. Nf1 Nde5 16. Ng5 e6 17. h3 Nf6 18. Be3 Qc7 19. f4 Nc4 20. Bd4 Rh5 21. Nd2 Nxb2 22. Qc2 Nc4 23. Bxc4 bxc4 24. Qa4+ Bc6 25. Qxc4 Qd7 26. a4 d5 27. Qb4 Bf8 28. Qb6 Be7 29. Rb1 Bd8 30. Qc5 dxe4 31. Bxf6 Bxf6 32. Ndxe4 Bxe4 33. Nxe4 Be7 34. Qc4 Rd5 35. Ree1 a5 36. Rb5 Rd3 37. Reb1 Rc8 38. Rb8 Qa7+ 39. Kh2 Rxb8 40. Qxd3 Rd8 41. Qb5+ Kf8 42. Qe5 Kg8 43. Nf6+ Bxf6 44. Qxf6 Rd2 45. Qxh4 Kg7 46. Qg5 Rd5 47. Qg3 Qd7 48. Ra1 Qd6 49. Rc1 Rd3 50. Qg5 Rd5 51. Qg3 Qa3 52. c4 Qxc1 53. cxd5 exd5 54. f5 Qa1 55. fxg6 fxg6 56. Qc7+ Kh6 57. Qxa5 Qe5+ 58. Kg1 Qe3+ 59. Kf1 Qc1+ 60. Ke2 Qc4+ 61. Kd1 Qb3+ 62. Kc1 Qc4+ 63. Kd2 Qd4+ 64. Kc2 Qc4+ 65. Kd1 Qb3+ 66. Ke1 Qe3+ 67. Kf1 Qc1+ 68. Kf2 1/2-1/2

[Event "Quebec op U2000"]
[Site "Montreal"]
[Date "2012.07.23"]
[Round "4"]
[White "Duplessis, Jean Roch"]
[Black "Lalumiere, Claude"]
[Result "0-1"]
[WhiteElo "1667"]
[BlackElo "1825"]
[PlyCount "140"]
[EventDate "2012.07.21"]
[EventType "swiss"]
[EventRounds "9"]
[EventCountry "CAN"]
[SourceTitle "EXT 2022"]
[Source "ChessBase"]
[SourceDate "2021.10.06"]
[SourceVersion "1"]
[SourceVersionDate "2021.10.06"]
[SourceQuality "1"]

1. e4 c5 2. Nf3 e6 3. c4 Nc6 4. d4 cxd4 5. Nxd4 Nf6 6. Nxc6 bxc6 7. Nc3 Qc7 8. g3 Ba6 9. Qa4 Bb7 10. Bg2 a5 11. Qd1 Bc5 12. 0-0 h5 13. e5 Qxe5 14. Bf4 Qf5 15. Bd6 Ba7 16. Qf3 Qxf3 17. Bxf3 Bb8 18. Rfd1 Bxd6 19. Rxd6 Ke7 20. Rad1 Rhd8 21. Ne4 c5 22. Ng5 Bxf3 23. Nxf3 Nd5 24. R6xd5 exd5 25. Rxd5 d6 26. Rxh5 Rab8 27. b3 a4 28. Nd2 axb3 29. axb3 Rh8 30. Rd5 Rh6 31. h4 Re6 32. Rd3 Ra8 33. Nf1 Re1 34. Kg2 Ra2 35. Ne3 g6 36. Nd5+ Kd7 37. Nc3 Rc2 38. Kf3 f5 39. Nb5 Re6 40. Nc3 Kc6 41. Kg2 Rb2 42. Nd1 Rb1 43. Ne3 Re7 44. Nd5 Rb7 45. Nf4 R1xb3 46. Rxb3 Rxb3 47. Nxg6 Kd7 48. h5 Ke8 49. Nh4 f4 50. g4 Kf7 51. Ng6 f3+ 52. Kg3 Rc3 53. Nh4 Rxc4 54. Kxf3 Rc3+ 55. Kf4 Rc4+ 56. Kf3 d5 57. Nf5 Rc3+ 58. Ke2 Kf6 59. Ne3 Ke5 60. f4+ Ke4 61. Nd1 Rc2+ 62. Kf1 Kxf4 63. h6 Rh2 64. Nf2 c4 65. Nd1 Rxh6 66. Nc3 d4 67. Ne2+ Ke3 68. Ng3 Ra6 69. Nf5+ Ke4 70. Ng3+ Kf3 0-1

[Event "Quebec op U2000"]
[Site "Montreal"]
[Date "2012.07.22"]
[Round "2"]
[White "Dominique, Vladimir"]
[Black "Lalumiere, Claude"]
[Result "0-1"]
[WhiteElo "1669"]
[BlackElo "1825"]
[PlyCount "72"]
[EventDate "2012.07.21"]
[EventType "swiss"]
[EventRounds "9"]
[EventCountry "CAN"]
[SourceTitle "EXT 2022"]
[Source "ChessBase"]
[SourceDate "2021.10.06"]
[SourceVersion "1"]
[SourceVersionDate "2021.10.06"]
[SourceQuality "1"]

1. e4 c5 2. Nf3 d6 3. Nc3 Nc6 4. d4 cxd4 5. Nxd4 Nf6 6. Bb5 Bd7 7. 0-0 g6 8. Bg5 Bg7 9. Bxc6 bxc6 10. Qd2 h6 11. Bh4 Qb6 12. Nb3 Ng4 13. Bg3 Ne5 14. Kh1 Nc4 15. Qe2 Nxb2 16. e5 Be6 17. Rab1 Bc4 18. Qe1 Bxf1 19. Qxf1 Qb4 20. Qe1 Nc4 21. Nd4 Qc5 22. Nb3 Qa3 23. Qe4 d5 24. Nxd5 cxd5 25. Qxd5 Rc8 26. Qb5+ Kf8 27. Qd7 Nb6 28. Qd3 e6 29. Rd1 Kg8 30. h4 h5 31. f4 Kh7 32. f5 exf5 33. e6 fxe6 34. Qe2 Rhe8 35. Bd6 Qa4 36. Nc5 Qxh4+ 0-1

[Event "Montreal Transcontinental 5 A"]
[Site "Montreal"]
[Date "2011.11.25"]
[Round "1"]
[White "Morin, Louis"]
[Black "Lalumiere, Claude"]
[Result "1/2-1/2"]
[WhiteElo "1846"]
[BlackElo "1870"]
[PlyCount "92"]
[EventDate "2011.11.25"]
[EventType "tourn"]
[EventRounds "5"]
[EventCountry "CAN"]
[SourceTitle "EXT 2022"]
[Source "ChessBase"]
[SourceDate "2021.10.06"]
[SourceVersion "1"]
[SourceVersionDate "2021.10.06"]
[SourceQuality "1"]

1. e4 c5 2. d4 cxd4 3. c3 d3 4. Qxd3 Nc6 5. f4 d6 6. g3 Nf6 7. Bg2 g6 8. Ne2 Bg7 9. 0-0 h5 10. h3 Bd7 11. Be3 Qa5 12. Na3 Rc8 13. Rad1 Be6 14. Qb5 Qxb5 15. Nxb5 Bc4 16. Nbd4 Nxd4 17. Nxd4 Bxf1 18. Kxf1 Nd7 19. e5 dxe5 20. Nb5 e4 21. Bxe4 Nc5 22. Nxa7 Rc7 23. Nb5 Rd7 24. Rxd7 Nxd7 25. Bxb7 0-0 26. a4 Rb8 27. Bc6 Nb6 28. a5 Nc4 29. a6 Nxe3+ 30. Ke2 Nc4 31. a7 Rd8 32. a8Q Rxa8 33. Bxa8 Nxb2 34. Bd5 Na4 35. Kd3 e6 36. Bb3 Nc5+ 37. Kc2 Ne4 38. g4 hxg4 39. hxg4 Nf2 40. f5 gxf5 41. gxf5 exf5 42. Nd6 Ne4 43. Nxf5 Nxc3 44. Nxg7 Kxg7 45. Bxf7 Ne4 46. Bg6 Kxg6 1/2-1/2

[Event "Montreal Varennes op"]
[Site "Montreal"]
[Date "2011.11.06"]
[Round "4"]
[White "Lalumiere, Claude"]
[Black "Le Duin, Thierry"]
[Result "0-1"]
[WhiteElo "1769"]
[BlackElo "1944"]
[PlyCount "44"]
[EventDate "2011.11.04"]
[EventType "swiss"]
[EventRounds "5"]
[EventCountry "CAN"]
[SourceTitle "EXT 2022"]
[Source "ChessBase"]
[SourceDate "2021.10.06"]
[SourceVersion "1"]
[SourceVersionDate "2021.10.06"]
[SourceQuality "1"]

1. e4 d5 2. exd5 Nf6 3. d4 Bg4 4. f3 Bf5 5. c3 Qxd5 6. Ne2 Nc6 7. Nf4 Qd7 8. Bb5 0-0-0 9. Qa4 a6 10. Bxa6 bxa6 11. Qxa6+ Kb8 12. Qb5+ Ka8 13. Qa6+ Na7 14. a4 e5 15. Ne2 Qc6 16. Qxc6+ Nxc6 17. Be3 Nd5 18. Bf2 exd4 19. Nxd4 Nxd4 20. Bxd4 Nf4 21. b3 c5 22. Bf2 Nxg2+ 0-1

[Event "Montreal Transcontinental 4"]
[Site "Montreal"]
[Date "2011.04.29"]
[Round "1"]
[White "Lalumiere, Claude"]
[Black "Lemieux, Serge"]
[Result "0-1"]
[WhiteElo "1933"]
[BlackElo "1662"]
[PlyCount "96"]
[EventDate "2011.04.29"]
[EventType "tourn"]
[EventRounds "5"]
[EventCountry "CAN"]
[SourceTitle "EXT 2013"]
[Source "ChessBase"]
[SourceDate "2012.11.22"]
[SourceVersion "1"]
[SourceVersionDate "2012.11.22"]
[SourceQuality "1"]

1. e4 e6 2. d4 d5 3. Nc3 c5 4. exd5 exd5 5. Bf4 c4 6. g3 Nf6 7. Bg2 Bb4 8. Nge2 Bg4 9. 0-0 Bxc3 10. bxc3 Nbd7 11. Bd6 Nb6 12. Ba3 Qd7 13. Re1 0-0-0 14. Qc1 Rde8 15. f3 Bh3 16. Rb1 Bxg2 17. Kxg2 Re6 18. Nf4 Rxe1 19. Qxe1 Re8 20. Qd2 g5 21. Ne2 g4 22. Rf1 Na4 23. Rf2 h5 24. Bb4 b6 25. Rf1 a5 26. Ba3 h4 27. gxh4 Rg8 28. Ng3 gxf3+ 29. Rxf3 Ne4 30. Qf4 f6 31. Qf5 Qxf5 32. Rxf5 Naxc3 33. Bc1 Kd7 34. a3 Ke6 35. Rh5 Ne2 36. Be3 N2xg3 37. Rh7 Nf5+ 38. Kf3 Nxe3 39. Kxe3 b5 40. h5 Rg2 41. h6 Rxh2 42. Rh8 Nd6 43. h7 Nf7 44. Rb8 Rxh7 45. Rxb5 Rh3+ 46. Kf4 Rxa3 47. Rb6+ Nd6 48. Ra6 a4 0-1

[Event "Montreal Ahuntsic op-A"]
[Site "Montreal"]
[Date "2011.04.03"]
[Round "1"]
[White "Bolduc, Steve"]
[Black "Lalumiere, Claude"]
[Result "1-0"]
[WhiteElo "2095"]
[BlackElo "1652"]
[PlyCount "63"]
[EventDate "2011.04.03"]
[EventType "swiss (rapid)"]
[EventRounds "5"]
[EventCountry "CAN"]
[SourceTitle "EXT 2013"]
[Source "ChessBase"]
[SourceDate "2012.11.22"]
[SourceVersion "1"]
[SourceVersionDate "2012.11.22"]
[SourceQuality "1"]

1. d4 Nf6 2. c4 c5 3. Nf3 cxd4 4. Nxd4 d6 5. Nc3 g6 6. e4 Bg7 7. Be2 0-0 8. 0-0 Nc6 9. Nc2 a6 10. Be3 b6 11. f3 Rb8 12. Qd2 Bd7 13. Rac1 Ne8 14. b4 Nc7 15. Nd5 Ne6 16. f4 a5 17. a3 axb4 18. axb4 Re8 19. Bf3 Na7 20. Qf2 Nc8 21. f5 Nf8 22. Nd4 e6 23. fxe6 fxe6 24. Nc3 Qe7 25. Qd2 Be5 26. Be2 Qg7 27. Nf3 Bf6 28. Bh6 Qh8 29. e5 Bxe5 30. Ne4 Bc6 31. Nxe5 Bxe4 32. Nf7 1-0

[Event "Montreal Oasis op"]
[Site "Montreal"]
[Date "2011.02.26"]
[Round "3"]
[White "Lalumiere, Claude"]
[Black "Bouchard, Jean Marc"]
[Result "0-1"]
[WhiteElo "1985"]
[BlackElo "1903"]
[PlyCount "118"]
[EventDate "2011.02.25"]
[EventType "swiss"]
[EventRounds "5"]
[EventCountry "CAN"]
[SourceTitle "EXT 2013"]
[Source "ChessBase"]
[SourceDate "2012.11.22"]
[SourceVersion "1"]
[SourceVersionDate "2012.11.22"]
[SourceQuality "1"]

1. e4 e6 2. b3 d5 3. exd5 exd5 4. Bb2 Nf6 5. Nf3 Be7 6. Be2 0-0 7. 0-0 h6 8. d3 c5 9. Nbd2 Nc6 10. Re1 d4 11. Nf1 Nd5 12. Ng3 Nf4 13. Bf1 Be6 14. Bc1 Ng6 15. Bd2 Qd7 16. Qc1 Kh7 17. Nh5 Rh8 18. h3 Bd5 19. Nh2 f5 20. Be2 Raf8 21. Ng3 Bd6 22. Nhf1 Nh4 23. f3 Ne5 24. Kf2 Neg6 25. Nh1 f4 26. Nh2 Nf5 27. Kg1 Ne3 28. Bf1 Rf5 29. Re2 Rhf8 30. Nf2 Nh4 31. Ne4 Rh5 32. Ng4 Nhf5 33. Be1 Nxf1 34. Kxf1 Ne3+ 35. Kg1 Bxe4 36. dxe4 Rg5 37. Bh4 Rg6 38. Kh1 h5 39. Nh2 Be5 40. Rb1 b5 41. Be1 Rff6 42. Rd2 Ra6 43. a3 Rg5 44. Bh4 Rxg2 45. Rxg2 Nxg2 46. Kxg2 Rg6+ 47. Ng4 hxg4 48. hxg4 Rxg4+ 49. fxg4 Qxg4+ 50. Kf1 Qxh4 51. Qd1 Qh1+ 52. Kf2 Qh2+ 53. Kf1 Qh3+ 54. Kf2 Qg3+ 55. Kf1 f3 56. Qd2 Qh3+ 57. Kg1 Qg3+ 58. Kf1 Bf4 59. Qf2 Qh3+ 0-1

[Event "Quebec-ch Class"]
[Site "Montreal"]
[Date "2011.01.22"]
[Round "2"]
[White "Lalumiere, Claude"]
[Black "Chiku Ratte, Olivier Kenta"]
[Result "1/2-1/2"]
[WhiteElo "1989"]
[BlackElo "2060"]
[PlyCount "178"]
[EventDate "2011.01.21"]
[EventType "swiss"]
[EventRounds "5"]
[EventCountry "CAN"]
[SourceTitle "EXT 2013"]
[Source "ChessBase"]
[SourceDate "2012.11.22"]
[SourceVersion "1"]
[SourceVersionDate "2012.11.22"]
[SourceQuality "1"]

1. e4 c5 2. Nf3 d6 3. d4 cxd4 4. Nxd4 Nf6 5. Nc3 g6 6. Be3 Bg7 7. f3 Nc6 8. Qd2 0-0 9. Bc4 Bd7 10. 0-0-0 Rb8 11. g4 Na5 12. Be2 b5 13. Bh6 Bxh6 14. Qxh6 a6 15. Rdg1 e6 16. h4 Kh8 17. Qd2 e5 18. Nb3 Nxb3+ 19. axb3 b4 20. Nd1 Be6 21. h5 a5 22. Nf2 Ra8 23. f4 exf4 24. Qxf4 Qe7 25. e5 dxe5 26. Qxe5 Rae8 27. hxg6 fxg6 28. Bd3 Qg7 29. Rh2 Bxb3 30. Qg5 Bf7 31. Nh3 Nd5 32. Qh4 Bg8 33. Rgh1 Re7 34. Bc4 Nf6 35. Bxg8 Kxg8 36. Ng5 a4 37. Qh3 h5 38. gxh5 Nxh5 39. Ne6 Qh6+ 40. Kb1 Rf5 41. Nd4 Rf6 42. Qc8+ Kg7 43. Rxh5 gxh5 44. Rg1+ Rg6 45. Nf5+ Kh7 46. Nxh6 Rxg1+ 47. Ka2 Kxh6 48. Qh8+ Kg6 49. Qg8+ Rg7 50. Qe6+ Kh7 51. Qf5+ Kh6 52. Qf4+ R1g5 53. Qxb4 Rg4 54. Qd6+ R7g6 55. Qf8+ Kg5 56. Qe7+ Kf4 57. Qf7+ Kg3 58. Qc7+ Kh3 59. Qc3+ Rg3 60. Qc8+ R6g4 61. Qf5 h4 62. c4 Kh2 63. c5 h3 64. c6 Rc4 65. Qd7 a3 66. Qd2+ Rg2 67. Qd6+ Kg1 68. Qd1+ Kf2 69. Qd2+ Kg1 70. Qe3+ Kh2 71. Qe5+ Kh1 72. Qe1+ Rg1 73. Qe6 Rh4 74. c7 axb2 75. Kxb2 Rg2+ 76. Kc3 Rg3+ 77. Kd2 Rhg4 78. c8Q Rg2+ 79. Ke3 R2g3+ 80. Kf2 Rg2+ 81. Kf1 Rg1+ 82. Kf2 R1g2+ 83. Ke3 R2g3+ 84. Kd2 Rg2+ 85. Kc3 R2g3+ 86. Kc2 Rg2+ 87. Kd1 Rg1+ 88. Kd2 R1g2+ 89. Kc1 Rg1+ 1/2-1/2

[Event "Montreal Transcontinental 3-A"]
[Site "Montreal"]
[Date "2010.10.24"]
[Round "4"]
[White "Gauthier, Denis"]
[Black "Lalumiere, Claude"]
[Result "1-0"]
[WhiteElo "1936"]
[BlackElo "1928"]
[PlyCount "77"]
[EventDate "2010.10.22"]
[EventType "tourn"]
[EventRounds "5"]
[EventCountry "CAN"]
[SourceTitle "EXT 2013"]
[Source "ChessBase"]
[SourceDate "2012.11.22"]
[SourceVersion "1"]
[SourceVersionDate "2012.11.22"]
[SourceQuality "1"]

1. d4 Nf6 2. c4 c5 3. d5 b5 4. cxb5 a6 5. b6 Qxb6 6. Nc3 g6 7. e4 d6 8. Nf3 Bg7 9. Nd2 0-0 10. Nc4 Qc7 11. a4 a5 12. Be2 Na6 13. 0-0 Nd7 14. f4 Nb4 15. Be3 Nb6 16. Rc1 Ba6 17. b3 Rfb8 18. Na3 Bxe2 19. Qxe2 Rb7 20. Nab5 Qd7 21. Rfd1 Rc8 22. Bf2 f5 23. e5 dxe5 24. fxe5 Qd8 25. d6 Rc6 26. Bh4 Qf8 27. dxe7 Rxe7 28. Bxe7 Qxe7 29. Rd6 Bxe5 30. Rxc6 Nxc6 31. Re1 Qf6 32. Qf3 Nd4 33. Qb7 Nc2 34. Nd5 Qe6 35. Rd1 Nd7 36. Qxd7 Bd4+ 37. Kh1 Qe2 38. Qd8+ Kf7 39. Nd6+ 1-0

[Event "Montreal Unisource 4th"]
[Site "Montreal"]
[Date "2009.03.01"]
[Round "4"]
[White "Lalumiere, Claude"]
[Black "Zhang, Zhiyuan"]
[Result "1-0"]
[WhiteElo "1840"]
[BlackElo "1816"]
[PlyCount "103"]
[EventDate "2009.02.27"]
[EventType "tourn"]
[EventRounds "5"]
[EventCountry "CAN"]
[SourceTitle "EXT 2011"]
[Source "ChessBase"]
[SourceDate "2010.11.26"]
[SourceVersion "1"]
[SourceVersionDate "2010.11.26"]
[SourceQuality "1"]

1. e4 e6 2. d4 d5 3. Nc3 Bb4 4. e5 Ne7 5. a3 Bxc3+ 6. bxc3 c5 7. Nf3 Bd7 8. Bd3 c4 9. Be2 Bc6 10. 0-0 h6 11. Ne1 Nd7 12. f4 Qa5 13. Bd2 0-0-0 14. Nf3 Rdg8 15. Qb1 Qd8 16. a4 f5 17. a5 Nf8 18. Bc1 Nh7 19. Ba3 g5 20. Bd6 gxf4 21. Qb4 Rg7 22. Rfb1 Rhg8 23. Ne1 Ng6 24. Qc5 Qe8 25. Qxa7 Qd8 26. Qc5 Qd7 27. Rb6 Nh4 28. Bf1 Kd8 29. a6 Nxg2 30. a7 Ne3+ 31. Kf2 Ng4+ 32. Ke2 Ke8 33. Rxc6 Qxc6 34. Qxc6+ bxc6 35. a8Q+ Kf7 36. Ra7+ Kg6 37. Rxg7+ Rxg7 38. Qe8+ Rf7 39. Qxe6+ Kg7 40. Nf3 Ng5 41. Nxg5 hxg5 42. h3 Ne3 43. Be7 g4 44. Bg5 Nxf1 45. Qh6+ Kg8 46. Bf6 Ng3+ 47. Ke1 Rd7 48. Qh8+ Kf7 49. Qg7+ Ke6 50. Qg8+ Rf7 51. Qe8+ Re7 52. Qxe7# 1-0

[Event "Quebec-ch qual U2000"]
[Site "Montreal"]
[Date "2008.10.11"]
[Round "2"]
[White "Lalumiere, Claude"]
[Black "Bouchard, Jean Marc"]
[Result "0-1"]
[WhiteElo "1835"]
[BlackElo "1763"]
[PlyCount "104"]
[EventDate "2008.10.10"]
[EventType "swiss"]
[EventRounds "5"]
[EventCountry "CAN"]
[SourceTitle "EXT 2011"]
[Source "ChessBase"]
[SourceDate "2010.11.26"]
[SourceVersion "1"]
[SourceVersionDate "2010.11.26"]
[SourceQuality "1"]

1. e4 e6 2. d4 d5 3. Nc3 Nf6 4. Bg5 Be7 5. e5 Nfd7 6. Bxe7 Qxe7 7. Bd3 a6 8. Nce2 c5 9. c3 Nc6 10. Qd2 b5 11. f4 b4 12. Nf3 a5 13. Bb5 Bb7 14. 0-0 0-0 15. Rae1 f5 16. exf6 Nxf6 17. Ng3 bxc3 18. bxc3 cxd4 19. cxd4 Qd6 20. Ng5 Bc8 21. f5 exf5 22. Nxf5 Bxf5 23. Rxf5 Ng4 24. Rxf8+ Rxf8 25. g3 Nd8 26. Be2 Nxh2 27. Kg2 Qf6 28. Kxh2 Qf2+ 29. Kh3 Rf6 30. Rf1 Rh6+ 31. Kg4 Qh2 32. Rf5 Rg6 33. Qe3 Ne6 34. Kf3 h6 35. Qe5 Nxg5+ 36. Rxg5 hxg5 37. Qe8+ Kh7 38. Bd3 g4+ 39. Ke3 Qxg3+ 40. Kd2 Qd6 41. Ke1 g3 42. Qc8 Qe7+ 43. Kd1 g2 44. Bxg6+ Kxg6 45. Qg4+ Qg5 46. Qe6+ Kh5 47. Qh3+ Qh4 48. Qf5+ g5 49. Qf7+ Kg4 50. Qe6+ Kg3 51. Qe1+ Kh2 52. Qe5+ Qf4 0-1

[Event "Quebec-op U2000"]
[Site "Montreal"]
[Date "2006.07.10"]
[Round "4"]
[White "Lalumiere, Claude"]
[Black "Menard, Dominic"]
[Result "1-0"]
[WhiteElo "1816"]
[BlackElo "1926"]
[PlyCount "136"]
[EventDate "2006.07.07"]
[EventType "swiss"]
[EventRounds "9"]
[EventCountry "CAN"]
[SourceTitle "CBM 113 Extra"]
[Source "ChessBase"]
[SourceDate "2006.09.14"]
[SourceVersion "1"]
[SourceVersionDate "2006.09.14"]
[SourceQuality "1"]

1. e4 c5 2. Nf3 Nc6 3. d4 cxd4 4. Nxd4 Nf6 5. Nc3 e5 6. Ndb5 d6 7. Bg5 a6 8. Bxf6 gxf6 9. Na3 b5 10. Nd5 Bg7 11. c3 f5 12. Bd3 Ne7 13. Nxe7 Qxe7 14. exf5 e4 15. Be2 0-0 16. Nc2 Bxf5 17. Ne3 Be6 18. Qd2 f5 19. g3 Rad8 20. a4 d5 21. Nc2 f4 22. gxf4 Qh4 23. Nd4 Bh3 24. Rg1 Rxf4 25. Rg3 Bd7 26. axb5 Rxf2 27. Kxf2 Qxh2+ 28. Rg2 Rf8+ 29. Nf3 Qh4+ 30. Kg1 exf3 31. Qxd5+ Kh8 32. Bxf3 Bh3 33. Rxg7 Kxg7 34. Qe5+ Qf6 35. Qg3+ Kh8 36. Qxh3 axb5 37. Rf1 Rg8+ 38. Kh1 Qg6 39. Bd5 Rd8 40. Bg2 Rg8 41. Qf3 Qh6+ 42. Kg1 Qb6+ 43. Qf2 Qxf2+ 44. Rxf2 Kg7 45. Bf1 Kh6+ 46. Rg2 Rb8 47. Bd3 b4 48. cxb4 Rxb4 49. Rh2+ Kg5 50. Bxh7 Kg4 51. Bg8 Kf3 52. Bd5+ Ke3 53. Rh3+ Kd2 54. b3 Rg4+ 55. Kf2 Rf4+ 56. Rf3 Rg4 57. Bc4 Re4 58. Rf5 Kc3 59. Kf3 Re8 60. Bf7 Re1 61. Kf4 Re7 62. Kg5 Rb7 63. Kf6 Rb6+ 64. Be6 Rb7 65. Bd5 Rb8 66. Ke5 Re8+ 67. Kd6 Rh8 68. Rf4 Rc8 1-0

[Event "Montreal op"]
[Site "Montreal"]
[Date "2005.07.17"]
[Round "4"]
[White "Lalumiere, Claude"]
[Black "Morin, Louis"]
[Result "1-0"]
[WhiteElo "1861"]
[BlackElo "1992"]
[PlyCount "71"]
[EventDate "2005.07.15"]
[EventType "swiss"]
[EventRounds "9"]
[EventCountry "CAN"]
[SourceTitle "EXT 2007"]
[Source "ChessBase"]
[SourceDate "2006.11.23"]
[SourceVersion "1"]
[SourceVersionDate "2006.11.23"]
[SourceQuality "1"]

1. e4 e5 2. f4 exf4 3. Nf3 h6 4. Bc4 d6 5. d4 g5 6. 0-0 Bg7 7. c3 Ne7 8. Qd3 0-0 9. Bb3 Kh8 10. Nbd2 c6 11. a4 Bg4 12. g3 fxg3 13. hxg3 d5 14. Rf2 Qd6 15. Nf1 dxe4 16. Qxe4 f5 17. Qd3 Bxf3 18. Qxf3 Nd7 19. Ne3 f4 20. Nc4 Qd5 21. gxf4 Qxf3 22. Rxf3 Ng6 23. Nd6 Nxf4 24. Nf7+ Rxf7 25. Bxf7 Rf8 26. Bc4 Nb6 27. Bf1 Nbd5 28. Bd2 h5 29. Re1 g4 30. Rg3 Kh7 31. Re4 Kg6 32. a5 Kf5 33. Rxf4+ Nxf4 34. Re3 Bf6 35. Bc4 Nd5 36. Bd3+ 1-0